| 000 | 00627cam a2200205ua 4500 | ||
|---|---|---|---|
| 001 | 11211 | ||
| 008 | 190903n ii |||gr||||Z||||||asm | ||
| 020 | _a9789382750482 | ||
| 040 | _cMAIN | ||
| 082 | _a370.954 | ||
| 100 |
_aMukul Kumar Sarma, _eAuthor., |
||
| 245 |
_aSwadhinottar kalot bharotor shiksha : _bA textbook on education of Dibrugarh University / _cBy Mukul Kumar Sarma . |
||
| 250 | _a1st. | ||
| 260 |
_aDibrugarh: _bBanlata, _c2013. |
||
| 300 | _a192p. | ||
| 653 | _aEducation | ||
| 653 | _aIndian education at the time of Independence in India | ||
| 700 |
_a Alpana Gogoi Bhuyan., _eAuthor., |
||
| 942 | _cBK | ||
| 999 |
_c10073 _d10073 |
||